000 00297nam a22001337a 4500
008 181016b xxu||||| |||| 00| 0 eng d
020 _a9780898622836
041 _aeng
080 _a159.9
100 _a48
101 _aPSI
245 _aThe Psychology of Gender
_cBeall ,A.E
942 _2udc
_cBK
999 _c49891
_d49891